[Event "4NCL Division 4 South"]
[Site "Reading, ENG"]
[Date "2017.03.19"]
[Round "8.21"]
[White "Davis, Lee"]
[Black "Girdlestone, Paul C"]
[Result "1/2-1/2"]
[WhiteElo "2030"]
[BlackElo "2106"]
[PlyCount "77"]
[EventDate "2017.03.19"]
[WhiteTeam "The Full Ponty"]
[BlackTeam "Brown Jack 2"]

1. d4 Nf6 2. g3 e6 3. Bg2 c5 4. Nf3 cxd4 5. Nxd4 d5 6. O-O e5 7. Nb5 a6 8. N5c3
d4 9. Ne4 Nxe4 10. Bxe4 Nc6 11. c3 Bh3 12. Re1 Be7 13. e3 dxe3 14. Qxd8+ Nxd8
15. Bxe3 Rc8 16. Nd2 Be6 17. Nb3 O-O 18. Rad1 b5 19. Rc1 f5 20. Bg2 Kf7 21. Bb6
Kf6 22. f4 e4 23. g4 g6 24. Rcd1 b4 25. Bd4+ Kf7 26. Be5 bxc3 27. Bxc3 Nb7 28.
Nd4 Nc5 29. gxf5 gxf5 30. Bh3 Na4 31. Nxe6 Nxc3 32. bxc3 Kxe6 33. Rxe4+ Kf6 34.
Re5 Rg8+ 35. Kf1 Rxc3 36. Rxf5+ Kg6 37. Bg4 Rb8 38. Re5 Rb4 39. Rxe7 1/2-1/2

[Event "4NCL Division 4 South"]
[Site "Reading, ENG"]
[Date "2017.03.19"]
[Round "8.22"]
[White "Headlong, Timothy"]
[Black "Fletcher, John"]
[Result "1/2-1/2"]
[WhiteElo "2072"]
[BlackElo "1995"]
[PlyCount "47"]
[EventDate "2017.03.19"]
[WhiteTeam "Brown Jack 2"]
[BlackTeam "The Full Ponty"]

1. Nf3 d5 2. c4 d4 3. d3 Nc6 4. g3 e5 5. Bg2 Be7 6. O-O g5 7. e3 g4 8. Ne1 h5
9. exd4 Nxd4 10. Nc2 c6 11. Re1 Bf5 12. Nxd4 Qxd4 13. Qb3 Qb6 14. Rxe5 Qxb3 15.
axb3 Bxd3 16. Nc3 f6 17. Re3 Bg6 18. Re1 Kf7 19. Be3 a6 20. Ne4 Nh6 21. Red1
Ke6 22. Nc5+ Bxc5 23. Bxc5 Nf7 24. Re1+ 1/2-1/2

[Event "4NCL Division 4 South"]
[Site "Reading, ENG"]
[Date "2017.03.19"]
[Round "8.23"]
[White "Davies, Peter"]
[Black "Rabbitt, Michael"]
[Result "1-0"]
[WhiteElo "2021"]
[BlackElo "2033"]
[PlyCount "117"]
[EventDate "2017.03.19"]
[WhiteTeam "The Full Ponty"]
[BlackTeam "Brown Jack 2"]

1. c4 Nf6 2. g3 c6 3. Bg2 d5 4. cxd5 cxd5 5. Nf3 Nc6 6. d4 Bf5 7. O-O e6 8. Nc3
h6 9. Bf4 Be7 10. h3 O-O 11. g4 Bg6 12. e3 Nd7 13. Qd2 Nb6 14. Qe2 Rc8 15. Rfd1
Bb4 16. Rac1 Nc4 17. Ne5 N6xe5 18. dxe5 Qb6 19. Nb1 Be7 20. b3 Na3 21. Nxa3
Bxa3 22. Rxc8 Rxc8 23. e4 Qb4 24. Bd2 Qd4 25. Bf4 Qb4 26. Bd2 Qb6 27. Be3 Qc7
28. exd5 Qxe5 29. dxe6 Qxe6 30. Bxb7 Rc2 31. Qf3 Rxa2 32. Bd5 Qe7 33. b4 Rc2
34. Bc5 Qe2 35. Qxe2 Rxe2 36. Ra1 Rd2 37. Bxf7+ Bxf7 38. Rxa3 Ra2 39. Rxa2 Bxa2
40. Bxa7 Bc4 41. Kg2 Kf7 42. Kf3 Ke6 43. Ke3 g6 44. h4 Kd5 45. Bc5 Bb5 46. Bf8
h5 47. Kf4 hxg4 48. Kxg4 Ke6 49. Kg5 Kf7 50. Bc5 Bd3 51. f4 Be2 52. f5 gxf5 53.
Kxf5 Bd3+ 54. Ke5 Ke8 55. Kd6 Kd8 56. h5 Be4 57. h6 Bd3 58. Ke6 Ke8 59. Kf6 1-0

[Event "4NCL Division 4 South"]
[Site "Reading, ENG"]
[Date "2017.03.19"]
[Round "8.24"]
[White "Parker, Francis"]
[Black "Perrett, David C"]
[Result "1-0"]
[WhiteElo "1936"]
[BlackElo "1957"]
[PlyCount "121"]
[EventDate "2017.03.19"]
[WhiteTeam "Brown Jack 2"]
[BlackTeam "The Full Ponty"]

1. f4 d5 2. c4 e6 3. Nf3 c6 4. b3 Qf6 5. d4 Bd6 6. e3 Qg6 7. Bd3 f5 8. Ba3 Bxa3
9. Nxa3 Nf6 10. Qd2 Ne4 11. Bxe4 fxe4 12. Ne5 Qf6 13. b4 a6 14. Rc1 O-O 15. c5
Nd7 16. O-O Qh4 17. g3 Qh3 18. Nc2 Nxe5 19. dxe5 Bd7 20. Nd4 Qh5 21. a4 Rfc8
22. Rb1 Qe8 23. g4 Qe7 24. Rfc1 Rc7 25. Kg2 Qh4 26. h3 Qe7 27. Kg3 g5 28. Qc3
gxf4+ 29. exf4 Rac8 30. Rb2 Rf8 31. Rf2 Rf7 32. Rcf1 Rc8 33. Kh2 Rcf8 34. a5
Qh4 35. Qe3 Bc8 36. Rg1 Kh8 37. Rgf1 Rg8 38. Rg2 Rgf8 39. Rgf2 Rg8 40. Qg3
Qxg3+ 41. Kxg3 Re8 42. Ne2 Rd7 43. Rd1 Rf7 44. Rff1 Ref8 45. Rd2 Kg8 46. Nd4
Re7 47. Kh4 Bd7 48. Rg2 Kh8 49. Kg5 Rg7+ 50. Kh5 Be8+ 51. Kh4 Bd7 52. f5 Re7
53. f6 Ref7 54. g5 Rg8 55. Kg4 h6 56. h4 Kh7 57. Kf4 hxg5+ 58. hxg5 Kg6 59. Rh1
Rh7 60. Rxh7 Kxh7 61. Rh2+ 1-0

[Event "4NCL Division 4 South"]
[Site "Reading, ENG"]
[Date "2017.03.19"]
[Round "8.25"]
[White "Thomas, Gary"]
[Black "Shaw, Meyrick"]
[Result "1/2-1/2"]
[WhiteElo "1945"]
[BlackElo "1935"]
[PlyCount "42"]
[EventDate "2017.03.19"]
[WhiteTeam "The Full Ponty"]
[BlackTeam "Brown Jack 2"]

1. e4 c6 2. Nc3 d5 3. Nf3 d4 4. Ne2 c5 5. Ng3 Nc6 6. c4 e5 7. d3 Nf6 8. Be2 Bd6
9. h4 h6 10. h5 Ne7 11. Bd2 Qc7 12. a3 a5 13. b3 Bd7 14. Nh2 Nh7 15. Bg4 O-O
16. Bxd7 Qxd7 17. Nf3 f5 18. Nh4 f4 19. Ngf5 Nxf5 20. Nxf5 Nf6 21. a4 Kh7
1/2-1/2

[Event "4NCL Division 4 South"]
[Site "Reading, ENG"]
[Date "2017.03.19"]
[Round "8.26"]
[White "Onslow, Teddy"]
[Black "Dixon, Chris"]
[Result "1/2-1/2"]
[WhiteElo "1780"]
[BlackElo "1800"]
[PlyCount "68"]
[EventDate "2017.03.19"]
[WhiteTeam "Brown Jack 2"]
[BlackTeam "The Full Ponty"]

1. d4 Nf6 2. Bf4 g6 3. Nc3 Bg7 4. e4 d6 5. Qd2 O-O 6. O-O-O c6 7. h4 h5 8. f3
b5 9. a3 a6 10. Be2 Qc7 11. Nh3 Bxh3 12. Rxh3 Nbd7 13. g4 Rad8 14. Bh6 e5 15.
Bxg7 Kxg7 16. Rg1 Qb6 17. Rd1 exd4 18. Qxd4 Qxd4 19. Rxd4 Ne5 20. g5 Ne8 21. f4
Nd7 22. f5 Ne5 23. Rh1 Rb8 24. Rf1 a5 25. Rd2 b4 26. Nb1 c5 27. a4 Rb6 28. Rfd1
Nc6 29. c3 bxc3 30. bxc3 Ne5 31. f6+ Kg8 32. Bb5 Nf3 33. Rg2 Ne5 34. Na3 Nc7
1/2-1/2

[Event "4NCL Division 4 South"]
[Site "Reading, ENG"]
[Date "2017.03.19"]
[Round "8.31"]
[White "Head, Louise"]
[Black "Smith, Graham"]
[Result "0-1"]
[WhiteElo "2018"]
[BlackElo "2004"]
[PlyCount "52"]
[EventDate "2017.03.19"]
[WhiteTeam "CSC Rhinos (2)"]
[BlackTeam "MK Phoenix 2"]

1. d4 e6 2. c4 Bb4+ 3. Nd2 Nf6 4. a3 Be7 5. e4 d5 6. e5 Nfd7 7. Qg4 O-O 8. Bd3
f5 9. Qh3 dxc4 10. Nxc4 c5 11. g4 cxd4 12. gxf5 Nc5 13. fxe6 Nxd3+ 14. Qxd3 Qd5
15. f3 Bxe6 16. b3 Nc6 17. Bb2 b5 18. Nd2 Nxe5 19. Qxd4 Nd3+ 20. Ke2 Nxb2 21.
Qxb2 Bf6 22. Qb1 Bf5 23. Ne4 Bxa1 24. Nh3 Bxe4 25. fxe4 Qh5+ 26. Ke1 Bc3# 0-1

[Event "4NCL Division 4 South"]
[Site "Reading, ENG"]
[Date "2017.03.19"]
[Round "8.32"]
[White "Brown, Alan M"]
[Black "Foley, John P"]
[Result "1-0"]
[WhiteElo "1964"]
[BlackElo "1946"]
[PlyCount "113"]
[EventDate "2017.03.19"]
[WhiteTeam "MK Phoenix 2"]
[BlackTeam "CSC Rhinos (2)"]

1. d4 d5 2. c4 c6 3. Nf3 Nf6 4. e3 Bg4 5. Qb3 Qb6 6. Ne5 Qxb3 7. axb3 Bf5 8.
Nc3 e6 9. Be2 Bc2 10. Bd1 Bxd1 11. Kxd1 Nbd7 12. Nxd7 Kxd7 13. f3 Bb4 14. Re1
h6 15. Bd2 Rhe8 16. Nxd5 Nxd5 17. cxd5 Bxd2 18. dxc6+ Kxc6 19. Kxd2 e5 20.
Rec1+ Kd6 21. Ra4 f6 22. dxe5+ fxe5 23. Rac4 Re7 24. Kd3 Rf8 25. Ke4 Rfe8 26.
Rc5 b6 27. Rd5+ Ke6 28. Rxe5+ Kf7 29. Rxe7+ Rxe7+ 30. Kd3 Rd7+ 31. Ke2 Ke7 32.
e4 Rb7 33. Ke3 b5 34. f4 a5 35. Rc2 a4 36. bxa4 bxa4 37. g3 Rb3+ 38. Kd4 a3 39.
bxa3 Rxa3 40. Rc7+ Kf8 41. Ke5 Ra5+ 42. Ke6 Ra6+ 43. Kf5 g6+ 44. Kg4 Ra2 45. h4
Ra5 46. f5 gxf5+ 47. exf5 Ra6 48. Kh5 Rb6 49. Rh7 Rb3 50. g4 Rf3 51. Kxh6 Rf4
52. Kg5 Ra4 53. f6 Kg8 54. Rb7 Ra8 55. Kg6 Rd8 56. Rg7+ Kh8 57. Rh7+ 1-0

[Event "4NCL Division 4 South"]
[Site "Reading, ENG"]
[Date "2017.03.19"]
[Round "8.33"]
[White "Fowler, David"]
[Black "Lambourne, Dan M"]
[Result "1/2-1/2"]
[WhiteElo "1898"]
[BlackElo "1985"]
[PlyCount "64"]
[EventDate "2017.03.19"]
[WhiteTeam "CSC Rhinos (2)"]
[BlackTeam "MK Phoenix 2"]

1. e4 e6 2. d4 d5 3. Nc3 Nf6 4. Bg5 Be7 5. e5 Nfd7 6. h4 h6 7. Bxe7 Qxe7 8. Qg4
Rg8 9. O-O-O a6 10. f4 c5 11. Nf3 Nc6 12. Rh3 c4 13. Bxc4 dxc4 14. Ne4 Kd8 15.
Nd6 Nb6 16. c3 Kc7 17. Nd2 Na5 18. Qe2 Bd7 19. g4 Nd5 20. Rf1 b5 21. N2e4 Nb7
22. f5 Kb6 23. Nxb7 Kxb7 24. f6 gxf6 25. exf6 Qf8 26. g5 Kc6 27. Rg3 hxg5 28.
hxg5 Rg6 29. Qh2 Qb8 30. Qh7 Qg8 31. Qh2 Qb8 32. Qh7 Qg8 1/2-1/2

[Event "4NCL Division 4 South"]
[Site "Reading, ENG"]
[Date "2017.03.19"]
[Round "8.34"]
[White "Valentine, Brian J"]
[Black "Lees, Fraser A"]
[Result "1/2-1/2"]
[WhiteElo "1945"]
[BlackElo "1865"]
[PlyCount "39"]
[EventDate "2017.03.19"]
[WhiteTeam "MK Phoenix 2"]
[BlackTeam "CSC Rhinos (2)"]

1. e4 g6 2. d4 Bg7 3. Nc3 d6 4. Nf3 Nf6 5. h3 O-O 6. Be2 c6 7. a4 a5 8. O-O Na6
9. Be3 Nb4 10. Nd2 Re8 11. Rc1 d5 12. e5 Nd7 13. Nb3 b6 14. f4 e6 15. Qd2 f5
16. Nd1 Ba6 17. c3 Bxe2 18. Qxe2 Na6 19. Nf2 Qe7 20. Rfd1 1/2-1/2

[Event "4NCL Division 4 South"]
[Site "Reading, ENG"]
[Date "2017.03.19"]
[Round "8.35"]
[White "Cooke, Charlie"]
[Black "Matthews, Adrian M S"]
[Result "1/2-1/2"]
[WhiteElo "1815"]
[BlackElo "1863"]
[PlyCount "76"]
[EventDate "2017.03.19"]
[WhiteTeam "CSC Rhinos (2)"]
[BlackTeam "MK Phoenix 2"]

1. d4 Nf6 2. c4 c5 3. d5 b5 4. cxb5 a6 5. e3 g6 6. bxa6 Bxa6 7. Bxa6 Qa5+ 8.
Nc3 Qxa6 9. e4 d6 10. f3 Bg7 11. Nge2 Nbd7 12. O-O O-O 13. Qc2 Rfb8 14. Be3 Ne5
15. Rab1 Nc4 16. Bc1 Nd7 17. b3 Na3 18. Bxa3 Qxa3 19. Rbd1 c4 20. bxc4 Qc5+ 21.
Kh1 Qxc4 22. Qd3 Qxd3 23. Rxd3 Ra3 24. f4 {(=)} Rb2 25. Rff3 Nc5 26. Rd1 Rc2
27. e5 dxe5 28. Rc1 Rxc1+ 29. Nxc1 e4 30. Nxe4 Rxf3 31. gxf3 Na4 32. Ne2 f5 33.
d6 exd6 34. Nxd6 Bf8 35. Nb5 Bh6 36. Kg2 Kf7 37. Kf2 Ke6 38. Ke3 Bg7 1/2-1/2

[Event "4NCL Division 4 South"]
[Site "Reading, ENG"]
[Date "2017.03.19"]
[Round "8.36"]
[White "Whiteside, Robert"]
[Black "Towers, Nigel S"]
[Result "1/2-1/2"]
[WhiteElo "1807"]
[BlackElo "1800"]
[PlyCount "35"]
[EventDate "2017.03.19"]
[WhiteTeam "MK Phoenix 2"]
[BlackTeam "CSC Rhinos (2)"]

1. e4 c6 2. d4 d5 3. exd5 cxd5 4. c4 Nf6 5. Nc3 Nc6 6. Nf3 Bg4 7. cxd5 Nxd5 8.
Bc4 e6 9. Be3 Bb4 10. Rc1 Qa5 11. O-O Bxc3 12. bxc3 O-O 13. Bd3 Nf6 14. Rb1 Qc7
15. Bg5 Nd5 16. Bd2 Nf6 17. Bg5 Nd5 18. Bd2 1/2-1/2

[Event "4NCL Division 4 South"]
[Site "Reading, ENG"]
[Date "2017.03.19"]
[Round "8.41"]
[White "Grigoryan, Meri"]
[Black "Pafura, Godfrey Bisereko"]
[Result "1-0"]
[WhiteElo "2057"]
[BlackElo "2001"]
[PlyCount "109"]
[EventDate "2017.03.19"]
[WhiteTeam "Wood Green MM 2"]
[BlackTeam "Throw in the Tal 1"]

1. d4 Nf6 2. c4 g6 3. Nc3 Bg7 4. e4 d6 5. h3 Nbd7 6. Nf3 e5 7. d5 Nc5 8. Qc2 a5
9. Be2 O-O 10. Bg5 h6 11. Be3 b6 12. Nd2 Nfd7 13. g4 Na6 14. a3 Ndc5 15. Rb1 a4
16. Nxa4 Nxa4 17. Qxa4 f5 18. f3 fxe4 19. Nxe4 Bd7 20. Qc2 Qe8 21. h4 Nc5 22.
Nxc5 bxc5 23. Qe4 Rf6 24. h5 g5 25. Bd3 Kf8 26. O-O Qc8 27. Bd2 c6 28. Bc2 cxd5
29. cxd5 Ra7 30. Kg2 Be8 31. Rbd1 Bf7 32. Bc1 Bg8 33. Qc4 Qd8 34. Be3 Rc7 35.
Be4 Bf7 36. Rc1 Kg8 37. Rc3 Be8 38. Rb3 Qc8 39. Kg3 Bd7 40. Rb6 Bf8 41. Rc1 Be7
42. b4 Kg7 43. bxc5 dxc5 44. Rxf6 Kxf6 45. Rb1 Bd6 46. Rb6 Ke7 47. Qc1 Qg8 48.
Qb1 Rc8 49. Rxd6 Kxd6 50. Qb6+ Ke7 51. Bxc5+ Rxc5 52. Qxc5+ Kf7 53. Bg6+ Kg7
54. Qe7+ Kh8 55. Qxd7 1-0

[Event "4NCL Division 4 South"]
[Site "Reading, ENG"]
[Date "2017.03.19"]
[Round "8.42"]
[White "Nwachukwu, Chino"]
[Black "Green, Michael"]
[Result "0-1"]
[WhiteElo "2027"]
[BlackElo "2027"]
[PlyCount "70"]
[EventDate "2017.03.19"]
[WhiteTeam "Throw in the Tal 1"]
[BlackTeam "Wood Green MM 2"]

1. e4 e6 2. d4 d5 3. Nd2 Nf6 4. e5 Nfd7 5. Bd3 c5 6. c3 Nc6 7. Ne2 cxd4 8. cxd4
f6 9. Nf4 Nxd4 10. Qh5+ Ke7 11. Ng6+ hxg6 12. exf6+ Nxf6 13. Qxh8 Kf7 14. Qh4
e5 15. O-O Bf5 16. Bxf5 gxf5 17. Nb3 Nxb3 18. axb3 Qb6 19. Qg3 Bd6 20. Qd3 g6
21. Bg5 d4 22. Qc4+ Kg7 23. Qe6 Rf8 24. Rfc1 Ne4 25. Be7 Re8 26. Rc8 Rxc8 27.
Bxd6 Nxd6 28. Qxe5+ Kh6 29. h4 Ne4 30. Re1 d3 31. Qf4+ Kh7 32. h5 Qc7 33. hxg6+
Kxg6 34. Rxe4 Qxf4 35. Rxf4 d2 0-1

[Event "4NCL Division 4 South"]
[Site "Reading, ENG"]
[Date "2017.03.19"]
[Round "8.43"]
[White "Ng, Chung Lok Andrew"]
[Black "Ireland, David J"]
[Result "0-1"]
[WhiteElo "1930"]
[BlackElo "2027"]
[PlyCount "64"]
[EventDate "2017.03.19"]
[WhiteTeam "Wood Green MM 2"]
[BlackTeam "Throw in the Tal 1"]

1. d4 Nf6 2. c4 c5 3. d5 b5 4. cxb5 a6 5. bxa6 g6 6. Nc3 Bxa6 7. e4 Bxf1 8.
Kxf1 d6 9. Nf3 Nbd7 10. g3 Bg7 11. Kg2 Qb6 12. Qc2 O-O 13. a4 Rfc8 14. Ra3 Qa6
15. b3 Ng4 16. Nd2 Bd4 17. Nb5 Nxf2 18. Rf1 Ng4 19. Nc4 Nde5 20. h3 Nxc4 21.
bxc4 Ne5 22. Bf4 Qa5 23. Rb1 Rab8 24. Bd2 Qa6 25. a5 Rb7 26. Rab3 Rcb8 27. Nc7
Rxb3 28. Nxa6 Rxb1 29. Bc1 R8b2 30. Qxb2 Bxb2 31. Nc7 Rxc1 32. a6 Ra1 0-1

[Event "4NCL Division 4 South"]
[Site "Reading, ENG"]
[Date "2017.03.19"]
[Round "8.44"]
[White "Ho, Marco"]
[Black "Lovell, William Pm"]
[Result "0-1"]
[WhiteElo "1997"]
[BlackElo "1817"]
[PlyCount "76"]
[EventDate "2017.03.19"]
[WhiteTeam "Throw in the Tal 1"]
[BlackTeam "Wood Green MM 2"]

1. d4 d5 2. c4 c6 3. Nf3 Nf6 4. Qc2 e6 5. Bg5 Be7 6. e3 O-O 7. Nc3 Nbd7 8. Bd3
dxc4 9. Bxc4 b5 10. Be2 a6 11. O-O Qb6 12. Ne5 h6 13. Bh4 Rd8 14. Rfc1 Bb7 15.
Nxd7 Rxd7 16. Bxf6 Bxf6 17. Ne4 Be7 18. Nc5 Rc7 19. Bf3 Rac8 20. a4 a5 21. b3
Bf6 22. Bg4 Ba8 23. b4 axb4 24. a5 Qa7 25. Qb3 Be7 26. Qxb4 Bb7 27. Qb3 Ba6 {
(=)} 28. f4 Bd6 29. Nxe6 Re7 30. Nc5 Rce8 31. Kf2 Bc8 32. Bxc8 Rxc8 33. a6 Rce8
34. Nb7 Bxf4 35. exf4 Qxd4+ 36. Kf1 Qxf4+ 37. Kg1 Qd4+ 38. Kh1 Qxa1 0-1

[Event "4NCL Division 4 South"]
[Site "Reading, ENG"]
[Date "2017.03.19"]
[Round "8.45"]
[White "Green, Emily"]
[Black "Pink, Joshua"]
[Result "0-1"]
[WhiteElo "1855"]
[BlackElo "2005"]
[PlyCount "66"]
[EventDate "2017.03.19"]
[WhiteTeam "Wood Green MM 2"]
[BlackTeam "Throw in the Tal 1"]

1. Nf3 Nf6 2. c4 e6 3. g3 d5 4. b3 c5 5. e3 Nc6 6. Bg2 d4 7. exd4 cxd4 8. d3
Bd6 9. O-O O-O 10. Na3 e5 11. Re1 Re8 12. Nc2 Bg4 13. Bg5 h6 14. Bxf6 Qxf6 15.
a3 Rad8 16. Ra2 Bc7 17. Na1 e4 18. Rxe4 Rxe4 19. dxe4 Ne5 20. b4 Nxf3+ 21. Bxf3
Bxf3 22. Qd3 Re8 23. Nb3 Rxe4 24. Ra1 Qf5 25. Qb1 d3 26. Nd2 Re2 27. Nxf3 Qxf3
28. Qf1 Be5 29. Re1 Rxe1 30. Qxe1 Qe2 31. Qf1 Qc2 32. Qe1 d2 33. Qxe5 d1=Q+ 0-1

[Event "4NCL Division 4 South"]
[Site "Reading, ENG"]
[Date "2017.03.19"]
[Round "8.46"]
[White "Graff, Ben"]
[Black "Desai, Nilomi"]
[Result "1-0"]
[WhiteElo "1907"]
[BlackElo "1705"]
[PlyCount "99"]
[EventDate "2017.03.19"]
[WhiteTeam "Throw in the Tal 1"]
[BlackTeam "Wood Green MM 2"]

1. e4 c6 2. Nc3 d5 3. Nf3 Bg4 4. h3 Bxf3 5. Qxf3 e6 6. exd5 cxd5 7. Bb5+ Nc6 8.
O-O Nf6 9. d4 a6 10. Bxc6+ bxc6 11. Bg5 Be7 12. b3 O-O 13. a4 h6 14. Bh4 Re8
15. Rad1 Qb6 16. Rfe1 Rac8 17. Rd3 Qb4 18. Re2 Qb6 {(=)} 19. Qe3 c5 20. Bxf6
Bxf6 21. dxc5 Qc6 22. Nd1 Qxc5 23. Qxc5 Rxc5 24. Ne3 Rec8 25. c4 dxc4 26. Nxc4
Rb8 27. Ree3 Rd8 28. Rxd8+ Bxd8 29. Kf1 Rd5 30. Ke2 Kf8 31. Rd3 Rxd3 32. Kxd3
Bf6 33. Nb6 Ke8 34. a5 Kd8 35. Na4 Kc8 36. Nc5 Be7 37. Kc4 Bxc5 38. Kxc5 Kb7
39. Kd6 e5 40. f3 f5 41. Kxe5 Kc6 42. Kxf5 Kb5 43. Kg6 Kxa5 44. Kxg7 Kb4 45. f4
a5 46. f5 Kxb3 47. f6 a4 48. f7 a3 49. f8=Q a2 50. Qf6 1-0

[Event "4NCL Division 4 South"]
[Site "Reading, ENG"]
[Date "2017.03.19"]
[Round "8.51"]
[White "Manole, Stefan"]
[Black "Davis, Holden"]
[Result "1-0"]
[WhiteElo "2078"]
[BlackElo "1787"]
[PlyCount "37"]
[EventDate "2017.03.19"]
[WhiteTeam "West is Best 2"]
[BlackTeam "Cambridge University 3"]

1. d4 d5 2. c4 e6 3. Nf3 c6 4. e3 Nf6 5. Bd3 Bd6 6. O-O O-O 7. b3 Nbd7 8. Bb2
c5 9. Nbd2 Re8 10. Ne5 cxd4 11. exd4 dxc4 12. Ndxc4 Bf8 13. Qf3 Nb6 14. Rfe1
Nbd5 15. Rac1 Bb4 16. Bxh7+ Kxh7 17. Nxf7 Qe7 18. Qh3+ Kg8 19. Qh8+ 1-0

[Event "4NCL Division 4 South"]
[Site "Reading, ENG"]
[Date "2017.03.19"]
[Round "8.52"]
[White "Campbell, Mark C"]
[Black "Taylor, William J"]
[Result "0-1"]
[WhiteElo "1933"]
[BlackElo "2065"]
[PlyCount "44"]
[EventDate "2017.03.19"]
[WhiteTeam "Cambridge University 3"]
[BlackTeam "West is Best 2"]

1. e4 e5 2. Nf3 Nc6 3. Bb5 a6 4. Ba4 Nf6 5. O-O b5 6. Bb3 Bb7 7. Re1 Bc5 8. c3
d6 9. d4 Bb6 10. Bg5 h6 11. Bxf6 Qxf6 12. d5 Ne7 13. a4 g5 14. Qe2 Ng6 15. g3
h5 16. axb5 g4 17. Nfd2 h4 18. Nc4 hxg3 19. hxg3 Bxf2+ 20. Qxf2 Rh1+ 21. Kxh1
Qxf2 22. Rg1 Ke7 0-1

[Event "4NCL Division 4 South"]
[Site "Reading, ENG"]
[Date "2017.03.19"]
[Round "8.53"]
[White "Gregory, Andrew M"]
[Black "Dhemrait, Jagdeep"]
[Result "1-0"]
[WhiteElo "1949"]
[BlackElo "1803"]
[PlyCount "115"]
[EventDate "2017.03.19"]
[WhiteTeam "West is Best 2"]
[BlackTeam "Cambridge University 3"]

1. Nf3 c5 2. b3 Nc6 3. Bb2 d5 4. e3 e6 5. d4 cxd4 6. exd4 Nf6 7. Be2 Bd6 8. O-O
O-O 9. Ne5 Qc7 10. f4 Nd7 11. Na3 Nxd4 12. Bxd4 Bxa3 13. c4 Bc5 14. Kh1 Bxd4
15. Qxd4 Nxe5 16. fxe5 dxc4 17. Bxc4 b6 18. Rac1 Qe7 19. Qg4 Bb7 20. Rc3 Qc5
21. Qh5 g6 22. Qg5 b5 23. Rh3 Qc6 24. Be2 Rab8 25. Bf3 Qd7 26. Qh6 f5 27. Rd1
Qf7 28. Bxb7 Qxb7 29. Rhd3 Qg7 30. Qe3 Rb7 31. Rd6 Qe7 32. Qc5 Re8 33. Qc6 Rb6
34. Qc5 Rxd6 35. Rxd6 Qb7 36. h3 Rc8 37. Qd4 Rc1+ 38. Kh2 Qe4 39. Rd8+ Kg7 40.
Qd7+ Kh6 41. Qd2+ f4 42. Qxc1 Qxe5 43. Qd2 Kh5 44. Qd4 Qg5 45. Qd1+ Kh6 46. Rd3
Qe5 47. Rf3 g5 48. Qd8 Kh5 49. Qe7 h6 50. Qxa7 Qf5 51. Qd7 Kh4 52. Qd3 Qe5 53.
a4 bxa4 54. bxa4 Qb2 55. Qg6 h5 56. Qxe6 Qd2 57. Qe5 Qc2 58. Qe1+ 1-0

[Event "4NCL Division 4 South"]
[Site "Reading, ENG"]
[Date "2017.03.19"]
[Round "8.54"]
[White "Breed, Greg J"]
[Black "Davies, Matthew"]
[Result "0-1"]
[WhiteElo "1762"]
[BlackElo "1947"]
[PlyCount "80"]
[EventDate "2017.03.19"]
[WhiteTeam "Cambridge University 3"]
[BlackTeam "West is Best 2"]

1. d4 d5 2. Nf3 Nf6 3. Bf4 e6 4. e3 c5 5. c3 Nc6 6. Bd3 Bd6 7. Ne5 Qc7 8. Ng4
Bxf4 9. Nxf6+ gxf6 10. exf4 c4 11. Be2 Qxf4 12. Na3 Bd7 13. Bf3 Ne7 14. Nc2 Nf5
15. Qe2 O-O-O 16. g3 Qc7 17. Bh5 Bc6 18. O-O-O Ba4 19. Rde1 Bxc2 20. Qxc2 Nd6
21. Bf3 Kb8 22. Bg2 Qa5 23. Kb1 Rc8 24. Re3 Rc6 25. Rhe1 Ra6 26. a3 f5 27. Kc1
Qb5 28. Bf1 Qc6 29. f3 b5 30. h3 Rb6 31. Kd2 a5 32. b4 cxb3 33. Qxb3 Nc4+ 34.
Bxc4 bxc4 35. Qa2 Kc7 36. Rb1 Rxb1 37. Qxb1 Rb8 38. Qc1 Rb3 39. Re1 Qd6 40. Rg1
Rxa3 0-1

[Event "4NCL Division 4 South"]
[Site "Reading, ENG"]
[Date "2017.03.19"]
[Round "8.55"]
[White "Parry, Matthew"]
[Black "Dhemrait, Surjit S"]
[Result "1-0"]
[WhiteElo "1913"]
[BlackElo "1512"]
[PlyCount "129"]
[EventDate "2017.03.19"]
[WhiteTeam "West is Best 2"]
[BlackTeam "Cambridge University 3"]

1. d4 d5 2. c4 Nf6 3. Nc3 c6 4. Nf3 Bf5 5. Qb3 Qb6 6. Qxb6 axb6 7. cxd5 Nxd5 8.
Nxd5 cxd5 9. Bf4 e6 10. a3 Nc6 11. e3 Be7 12. Bb5 O-O 13. O-O Ra5 14. Be2 Rfa8
15. Bc7 Bd8 16. Bxd8 Rxd8 17. b4 Ra7 18. Nh4 Bg6 19. Nxg6 hxg6 20. b5 Na5 21.
Rfb1 Rc8 22. Kf1 Raa8 23. Ke1 Kf8 24. Rc1 Ke7 25. Rab1 Kd6 26. Rxc8 Rxc8 27.
Kd2 Kd7 28. f4 f5 29. h4 Rh8 30. g3 Rc8 31. a4 Kd6 32. Rb2 Nc4+ 33. Bxc4 Rxc4
34. Ra2 Kd7 35. Ra1 Kd6 36. Ke2 Kd7 37. Kf3 Ke7 38. g4 Rc3 39. g5 Rc4 40. Ke2
Rc2+ 41. Kd3 Rc4 42. Ra3 Kd7 43. a5 bxa5 44. Rxa5 Kc7 45. Ra8 Kb6 46. Re8 Kxb5
47. Rxe6 Rc6 48. Re7 b6 49. h5 Kb4 50. Rxg7 gxh5 51. Rh7 Rc3+ 52. Kd2 Kb3 53.
Rxh5 Rc2+ 54. Kd1 Kc3 55. g6 Rg2 56. Rg5 Rh2 57. g7 Kd3 58. Ke1 Kxe3 59. Rg3+
Kxd4 60. g8=Q Rh1+ 61. Rg1 Rh3 62. Qg7+ Kc4 63. Kd2 Rh2+ 64. Rg2 Rh3 65. Qc7+
1-0

[Event "4NCL Division 4 South"]
[Site "Reading, ENG"]
[Date "2017.03.19"]
[Round "8.56"]
[White "Dhemrait, Manav"]
[Black "Eckert, Jonathan"]
[Result "0-1"]
[WhiteElo "1285"]
[BlackElo "1877"]
[PlyCount "47"]
[EventDate "2017.03.19"]
[WhiteTeam "Cambridge University 3"]
[BlackTeam "West is Best 2"]

1. e4 e5 2. Nf3 Nc6 3. d4 exd4 4. Nxd4 Nf6 5. Nc3 Bb4 6. Bg5 h6 7. Nxc6 bxc6 8.
Bxf6 Qxf6 9. Qd2 O-O 10. Bd3 d5 11. a3 Bxc3 12. Qxc3 Qxc3+ 13. bxc3 dxe4 14.
Bxe4 Re8 15. f3 f5 16. O-O fxe4 17. fxe4 Ba6 18. Rf4 Rad8 19. Re1 Rf8 20. g3 g5
21. Rf5 Rd2 22. Ra5 Bc8 23. Rxa7 Bh3 24. Rb7 {Final move "24. ... Rf2". That
could be either rook, both Rf2 moves make sense. White immediately resigned.}
0-1

[Event "4NCL Division 4 South"]
[Site "Reading, ENG"]
[Date "2017.03.19"]
[Round "8.61"]
[White "Higgie, Charles L"]
[Black "Kemp, Paul R"]
[Result "1/2-1/2"]
[WhiteElo "1945"]
[BlackElo "2077"]
[PlyCount "62"]
[EventDate "2017.03.19"]
[WhiteTeam "Shropshire 2"]
[BlackTeam "Poisoned Pawns 2"]

1. d4 d5 2. c4 c6 3. Nf3 Nf6 4. Nc3 e6 5. Bg5 h6 6. Bh4 dxc4 7. e4 g5 8. Bg3 b5
9. h4 g4 10. Ne5 h5 11. Be2 Bb7 12. O-O Nbd7 13. Qc2 Nxe5 14. Bxe5 Bg7 15. Rad1
O-O 16. f3 Nh7 17. Bxg7 Kxg7 18. g3 Qb6 19. Kh2 Rad8 20. fxg4 hxg4 21. Bxg4
Rxd4 22. Qf2 Rxd1 23. Qxb6 Rd2+ 24. Rf2 axb6 25. Rxd2 Nf6 26. Bf3 b4 27. Na4 c5
28. Nxb6 {(=)} Bxe4 29. Bxe4 Nxe4 30. Re2 Nd6 31. Rc2 Rb8 1/2-1/2

[Event "4NCL Division 4 South"]
[Site "Reading, ENG"]
[Date "2017.03.19"]
[Round "8.62"]
[White "Davison, Chris"]
[Black "Lewis, Christopher D"]
[Result "1-0"]
[WhiteElo "2020"]
[BlackElo "1937"]
[PlyCount "95"]
[EventDate "2017.03.19"]
[WhiteTeam "Poisoned Pawns 2"]
[BlackTeam "Shropshire 2"]

1. e4 c6 2. d4 d5 3. Nc3 dxe4 4. Nxe4 Bf5 5. Ng3 Bg6 6. h4 h6 7. Nf3 Nd7 8. h5
Bh7 9. Bd3 Bxd3 10. Qxd3 e6 11. Bd2 Ngf6 12. O-O-O Be7 13. Ne4 Nxe4 14. Qxe4
Nf6 15. Qe2 Qd5 16. c4 Qe4 17. Qxe4 Nxe4 18. Be3 Rc8 19. Kb1 Nf6 20. Ne5 c5 21.
f3 cxd4 22. Bxd4 Bc5 23. Bc3 Be3 24. b3 O-O 25. Nd7 Nxd7 26. Rxd7 b6 27. Re1
Bf2 28. Re4 b5 29. Rg4 g6 30. hxg6 f6 31. Rh7 bxc4 32. bxc4 e5 33. Rxh6 Rc7 34.
g3 Rfc8 35. Rhh4 Be3 36. Kc2 Rc5 37. g7 Bg5 38. Rh8+ Kxg7 39. Rxc8 Rxc8 40.
Bxe5 Kg6 41. Bc3 Rc6 42. a4 f5 43. Rd4 Bf6 44. Rd3 Rxc4 45. Kb3 Rc6 46. Bxf6
Kxf6 47. g4 f4 48. Rd5 1-0